000 00415nam a2200181Ia 4500
001 17493
005 20260306171521.0
008 260306s9999||||xx |||||||||||||| ||und||
041 _aESP
082 _a658
_bR71 2014
100 _aRobbins, Stephen P.
_eAUT
245 0 _aAdministración
260 _c2014
300 _a689 páginas :
_c27 cm.
650 _aGEN
654 _aCAN
942 _cLIB
_dJUS
_fJUS
_2ddc
_n
999 _c17493
_d17493